000 00982nam a22002535i 4500
001 154026
003 ES-MaACL
005 20230906205502.0
008 040901s1838 fr af |||| | fre d
040 _aCAM
_bspa
_cCAM
100 1 _aFée, Antoine Laurent Apollinaire.
_949084
245 1 0 _aEntretiens sur la zoologie
_b: oiseaux /
_cpar A.L.A. Fée.
260 _aParis ;
_aStrasbourg :
_bchez F.G. Levrault,
_c1838.
300 _a199, [1] p., III h. de lám. pleg. ;
_c14 cm.
490 1 _aMaitre Pierre ou Le savant de village
490 1 _aBibliothèque de l'instruction populaire ;
_v36
650 0 4 _aAves.
_9135654
650 4 _aOrnitología.
_9136637
740 0 1 _aMaitre Pierre ou Le savant de village.
830 0 _aMaitre Pierre ou Le savant de village
_9187710
830 0 _aBibliothèque de l'instruction populaire ;
_v36
_9187711
852 _aES-MaACL
_jD-5203(2)
_z-- Enc. hol.
_x-- Edic.: en el lomo consta : Instruction populaire
999 _c154026
_d154026